000 00595nam a2200229Ia 4500
003 OSt
005 20220918192126.0
006 a|||||r|||| 00| 0
007 ta
008 220917b |||||||| |||| 00| 0 eng d
024 _a67,105
037 _cTextual
040 _aARTS
_cARTS
_beng
041 _2eng
_aeng
082 _aR3xL70x, J7
100 _aLoewenberg J ed
_978401
245 0 _aHegel selections
260 _aNew York
_bCharles Scribner's
_c1957
300 _axliii,468p.
_ccm.
942 _hR3xL70x, J7
_cTEXL
_2CC
999 _c193338
_d193338